Welcome to the Holygrace Academy Library

Please use search bar below to get started

ALL IN ONE HOME SCIENCE CBSE CLASS 11 (Record no. 7919)

MARC details
000 -LEADER
fixed length control field 00445nam a22001457a 4500
020 ## - INTERNATIONAL STANDARD BOOK NUMBER
ISBN 978-9350-10559-7
082 ## - DEWEY DECIMAL CLASSIFICATION NUMBER
Classification number 640
Item number JAI/H
100 ## - MAIN ENTRY--AUTHOR NAME
Personal name JAISWAL, VAISHALI
245 ## - TITLE STATEMENT
Title ALL IN ONE HOME SCIENCE CBSE CLASS 11
260 ## - PUBLICATION, DISTRIBUTION, ETC. (IMPRINT)
Place of publication DELHI
Name of publisher ARIHANT PRAKASHAN
Year of publication 2023
300 ## - PHYSICAL DESCRIPTION
Number of Pages 228
520 ## - SUMMARY, ETC.
Summary, etc COMPLETE THEORY IN EASY TO UNDERSTAND MANNER, ALL TYPES OF QUESTIONS: NCERT AND OTHER IMPORTANT QUESTIONS
650 ## - SUBJECT ADDED ENTRY--TOPICAL TERM
Topical Term HOME SCIENCE
Geographic subdivision INDIA
942 ## - ADDED ENTRY ELEMENTS (KOHA)
Koha item type Books
Holdings
Withdrawn status Lost status Collection code Home library Current library Shelving location Date acquired Source of acquisition Cost, normal purchase price Full call number Accession Number Koha item type
    Reference Main Library Main Library SHELF 15G- FASHION,COOKING 12/12/2023 purchase 255.00 640 JAI/H 13519 Books